| 000 | 00680nam a2200217 i 4500 | ||
|---|---|---|---|
| 001 | 145981 | ||
| 003 | ES-MaACL | ||
| 005 | 20240529062946.0 | ||
| 007 | t| | ||
| 008 | 071018s1962 sp ||||1| spa d | ||
| 100 | 1 |
_aVega, Lope de, _d1562-1635 _9113563 |
|
| 245 | 1 | 0 |
_aFuenteovejuna / _cLope de Vega ; edición, estudio y notas por Tomás García de la Santa. |
| 250 | _a5ª ed. ilustrada. | ||
| 260 |
_aZaragoza : _bEbro, _c[1962] |
||
| 300 |
_a111 p. : _bil. ; _c17 cm. |
||
| 490 | 1 |
_aClásicos Ebro ; _v84 |
|
| 700 | 1 |
_aGarcía de la Santa, Tomás. _954453 |
|
| 830 | 0 |
_aClásicos Ebro ; _v84 _9185118 |
|
| 852 |
_aES-MaACL _jC-22112 _bR.50602 |
||
| 999 |
_c145981 _d145981 |
||